Catalog

Record Details

Catalog Search



Available copies

  • 3 of 3 copies available at LARL/NWRL Consortium. (Show)
  • 2 of 2 copies available at Northwest Regional Library.

Current holds

0 current holds with 3 total copies.

Show Only Available Copies
Location Call Number / Copy Notes Barcode Shelving Location Status Due Date
Greenbush Public Library LAU (Text) 35500005206840 Main Available -
Roseau Public Library LAU (Text) 35500005206931 Main Available -

Record details

  • ISBN: 9780727882042 (cased)
  • ISBN: 072788204X (cased)
  • Physical Description: 282 p. ; 23 cm.
  • Edition: 1st world hardcover ed.
  • Publisher: Sutton, Surrey, England : Severn House, 2012.

Content descriptions

General Note:
Originally published: Richmond: Mira, 1993.
Subject: Inheritance and succession > Fiction.
Guardian and ward > Fiction.
Great Britain > History > George IV, 1820-1830 > Fiction.
Genre: Love stories.
Regency fiction.
Historical fiction.
LDR 01731cam a2200421Ia 4500
001147788
003LARL_NWRL_CONSORTIUM
00520121217084017.0
008120301r20121993enk 000 f eng d
015 . ‡aGBB223417 ‡2bnb
0167 . ‡a016044319 ‡2Uk
020 . ‡a9780727882042 (cased)
020 . ‡a072788204X (cased)
035 . ‡a(OCoLC)779863800
040 . ‡aUKMGB ‡beng ‡cUKMGB ‡dBDX ‡dBTCTA ‡dOCLCO ‡dORX
043 . ‡ae-uk---
08204. ‡a823.92 ‡223
1001 . ‡aLaurens, Stephanie. ‡0(LARL_NWRL_CONSORTIUM)139417
24510. ‡aFour in hand / ‡cStephanie Laurens.
250 . ‡a1st world hardcover ed.
260 . ‡aSutton, Surrey, England : ‡bSevern House, ‡c2012.
300 . ‡a282 p. ; ‡c23 cm.
500 . ‡aOriginally published: Richmond: Mira, 1993.
650 0. ‡aInheritance and succession ‡vFiction. ‡0(LARL_NWRL_CONSORTIUM)165197
650 0. ‡aGuardian and ward ‡vFiction. ‡0(LARL_NWRL_CONSORTIUM)165415
651 0. ‡aGreat Britain ‡xHistory ‡yGeorge IV, 1820-1830 ‡vFiction.
655 7. ‡aLove stories. ‡2gsafd
655 7. ‡aRegency fiction. ‡2gsafd
655 7. ‡aHistorical fiction. ‡2gsafd
948 . ‡hNO HOLDINGS IN LAL - 117 OTHER HOLDINGS
994 . ‡aZ0 ‡bLAL
901 . ‡a147788 ‡bOCLC ‡c147788 ‡tbiblio

Additional Resources